00501nam a2200157Ia 450000500170000000800410001708200130005810000140007124500370008526000390012230000130016150000500017494200060022495200980023099900150032820250320131959.0240331s9999 xx 000 0 und d bNEEa894 aNeelavan, 0aPalli manavarkallukkup paventhar aChennaibAlaigal veliyetagamc1990 a117 p ., aBharathiyerin kulanthai padalakalum vilagamum cL 001040708LaWERCLbWERCLcSSCd2024-03-31l0o 894.811 NEEp815r2024-03-31w2024-03-31yL c4094d4094